Computing & informatics (Record no. 6563)

MARC details
000 -LEADER
fixed length control field 00938 a2200253 4500
005 - DATE AND TIME OF LATEST TRANSACTION
control field 20080901161840.0
008 - FIXED-LENGTH DATA ELEMENTS--GENERAL INFORMATION
fixed length control field 080901t xxu||||| |||| 00| 0 eng d
010 ## - LIBRARY OF CONGRESS CONTROL NUMBER
LC control number ENG-87480
020 ## - INTERNATIONAL STANDARD BOOK NUMBER
International Standard Book Number 8183600166
Terms of availability 150.00
035 ## - SYSTEM CONTROL NUMBER
System control number EN-71013
037 ## - SOURCE OF ACQUISITION
Source of stock number/acquisition D.B.Act / Pub
082 ## - DEWEY DECIMAL CLASSIFICATION NUMBER
Classification number 004
100 ## - MAIN ENTRY--PERSONAL NAME
Personal name Chandwani, Manohar
245 ## - TITLE STATEMENT
Title Computing & informatics
Statement of responsibility, etc by Manohar Chandwani, Abhay Jain and Narendra S. Chaudhari
250 ## - EDITION STATEMENT
Edition statement 2nd rev. ed.
260 ## - PUBLICATION, DISTRIBUTION, ETC. (IMPRINT)
Place of publication, distribution, etc New Delhi
Name of publisher, distributor, etc Jain Brothers
Date of publication, distribution, etc 2007 (rpr)
270 ## - ADDRESS
Address 16/873, East Park Road, Karol Bagh
City New Delhi
Postal code 110005
Telephone number 011-23618426, 011-23619023
Electronic mail address jain_bros@hotmail.com
300 ## - PHYSICAL DESCRIPTION
Extent 312 p.
Dimensions 24 cm. (Pbk)
500 ## - GENERAL NOTE
General note Includes index
700 ## - ADDED ENTRY--PERSONAL NAME
Personal name Jain, Abhay
700 ## - ADDED ENTRY--PERSONAL NAME
Personal name Chaudhari, Narendra S.
942 ## - ADDED ENTRY ELEMENTS (KOHA)
Institution code [OBSOLETE] dpl
Koha item type English Books
Call number prefix 004 / CHA
Source of classification or shelving scheme Dewey Decimal Classification
Classification part 004
Call number suffix CHA
Holdings
Withdrawn status Lost status Damaged status Not for loan Home library Current library Date acquired Cost, normal purchase price Total Checkouts Full call number Barcode Date last seen Copy number Uniform Resource Identifier Cost, replacement price Price effective from Koha item type
        D.B.Act.Division D.B.Act.Division 01/09/2008 150.00   004 CHA EN-71013 15/09/2008 1 7056 150.00 15/09/2008 English Books

© Delhi Public Library
Hit Counter
free hit counter